Výroba mostních prefabrikátů v Tovačově

Bibliographic Details
Main Author: Vlček, Stanislav (Author)
Format: Article
Language:Slovak
Czech
PhysicalDescription:Obr. 2. Sch. 2.
Subjects:

MARC

LEADER 00000nab a2200000 a 4500
001 vtls000185997
003 SK-MaSNL
005 20260304075203.0
008 250423c1984 xo 0 slo
015 |a SNBRB19rr/mm-uuuuu 
035 |a CL0196110 
035 |a urn:nbn:sk:snk-ab2qyf 
035 |a (urnnbn)urn:nbn:sk:snk:ar-a02tqe 
035 |a (uuid)5bd4b921-4918-4a07-aa13-fb2339fefa68 
040 |a SNKBUCL  |b slo  |c SNKBUCL  |e AACR2 
041 0 |a cze 
044 |a xo  |c SK 
080 |a 666.972:624.3  |2 1981 
080 |a 624.3  |2 1981 
080 |a 624.21.012.36  |2 1981 
100 1 |a Vlček, Stanislav  |4 aut  |9 1111487 
245 1 0 |a Výroba mostních prefabrikátů v Tovačově  |c Stanislav Vlček 
300 |b Obr. 2. Sch. 2. 
650 0 7 |a mostné prefabrikáty  |2 snkbucl  |9 1357861 
650 0 7 |a Dopravní stavby, n.p., Olomouc  |2 snkbucl  |9 930044 
655 7 |a články z novín a časopisov  |2 snkbucl  |9 267496 
773 0 |t Inženýrské stavby  |g Roč. 32, č. 1 (1984), s. 70-71 
850 |a Slovenská národná knižnica 
852 |a Slovenská národná knižnica 
954 |a odborná, vedecká literatúra cudzojazyčná (svetová)  |2 lita 
957 |a 3805 
958 |a article2022 
958 |a RK 
958 |a CZ 
958 |a OND 
958 |a EUIPO 
992 |a RBX 
999 |c 2780086  |d 2782016